00996nam a2200229 a 4500003000200000005001700002008004100019050002700060100001900087245009000106260009300196300004000289504004100329650003500370650003700405650005600442650005800498650005200556942001400608999001700622952012700639020250228083442.0100819s19uu xx 00 eng d aPGS HM 753b.P235 2010 aPark, Juyeong. aSocial and cultural awareness of Filipino and Korean student of SISC /cJuyeong Park. aLas Piñas City, Philippines : bSouthville International School and Colleges, c2010. a24 pages :billustrations ;c28 cm. aIncludes bibliographical references. aSocial awareness in children.  aCultural awareness in education. aIntercultural communication in elementary students. aCross-cultural studiesvFilipino and Korean students. aMulticultural educationvPhilippines and Korea. 2lcccPASS c98391d98391 00102lcc40aLUXbLUXcPASSd2010-08-19eDONATIONl0oPGS HM 753 .P235 2010pP2490r2014-04-08 00:00:00w2014-04-08yPASS